000 00553nam a2200205Ia 4500
005 20250508150706.0
008 008 250505s9999 xx 000 0 eng d
037 _aBooks to be hide in OPAC
040 _aFEDL
_beng
_cFEDL
041 _aeng
_2eng
084 _a150, WOO/O
_qFEDL
100 _aWoodworth Robert S
245 0 _aPsychology
260 _aLondon, UK
_bMethuen and Co. Ltd
_c1949
300 _a674p.
365 _aINR
_b10
700 _a Marquis Donald G
_9757386
942 _cHB
_h150, WOO/O
999 _c1325083
_d1325083